| 000 | 00816nam a22002415a 4500 | ||
|---|---|---|---|
| 005 | 20161119123924.0 | ||
| 008 | 161031t2015 njua frb 001 0 eng d | ||
| 020 | _a9789814630863 | ||
| 040 |
_aEG-ScBUE _beng _cEG-ScBUE _dEG-ScBUE |
||
| 082 | 0 | 4 |
_a006.3 _bMAR _222 |
| 100 | 1 | _aMarwala, Tshilidzi. | |
| 245 | 1 | 0 |
_aCausality, correlation, and artificial intelligence for rational decision making / _bTshilidzi Marwala. |
| 260 |
_aNew Jersey : _bWorld Scientific, _cc.2015. |
||
| 300 |
_axiii, 192 p. : _bill. ; _c25 cm. |
||
| 500 | _aIndex : p. 191-192. | ||
| 504 | _aIncludes bibliographical references. | ||
| 590 | _aSuzan Ashmawy ; revised by Fouad. | ||
| 650 | 7 |
_aArtificial intelligence. _2BUEsh |
|
| 650 | 7 |
_aDecision making. _2BUEsh |
|
| 651 | _2BUEsh | ||
| 653 |
_bCOMSCI _cOctober2016 |
||
| 942 | _2ddc | ||
| 999 |
_c22945 _d22917 |
||